000 01263nam a2200229Ia 4500
001 L235-31518
003 IT-CnALBA
008 170116s9999||||xx |||||||||||||| ||und||
040 _aIT-CnALBA
_cIT-CnALBA
041 _aITALIANO
100 _aFORNASARI D. EUGENIO, SSP.
245 0 _aDON ENZO: DON LORENZO MANFREDI, SSP. SACERDOTE, SCIENZIATO, INVENTORE.
250 _a1a ed.
260 _aCINISELLO BALSAMO (MI)
_bEDIZIONI PAOLINE
_c1994 [1° Ed.:1994 - Ed.Ling.Originale: 1994]
300 _a269 p.
500 _aPRESENTAZIONE DI MONS. PAOLO GIBERTINI. LA FAMIGLIA DI DON ENZO. L'INFANZIA IL NIDO PAOLINO. SUA PERSONALITÀ. SACERDOTE. MAESTRO. PUBBLICISTA E SCRITTORE. INVENTORE. RICONOSCIMENTI E CONSENSI. AUTORITÀATTO. LA SERA DELLA VITA. CURRICULUM. CONFRONTA DOCUME
501 _aSocietà San Paolo EM - Piazza San Paolo, 14 - 12051 ALBA (CN) (non commercial uses only) ® Copyright 2017
520 _aPRESENTAZIONE DI MONS. PAOLO GIBERTINI. LA FAMIGLIA DI DON ENZO. L'INFANZIA IL NIDO PAOLINO. SUA PERSONALITÀ. SACERDOTE. MAESTRO. PUBBLICISTA E SCRITTORE. INVENTORE. RICONOSCIMENTI E CONSENSI. AUTORITÀATTO. LA SERA DELLA VITA. CURRICULUM. CONFRONTA DOCUME
650 _aMARIA SS. ANGELI SANTI DEMONI
942 _cBK
957 _71
999 _a36286
_bNO
_g Copie: 1
_c290352
_d290352